Class struggles in the USSR (Record no. 654371)

MARC details
000 -LEADER
fixed length control field 00648nam a2200217Ia 4500
003 - CONTROL NUMBER IDENTIFIER
control field OSt
005 - DATE AND TIME OF LATEST TRANSACTION
control field 20220926032316.0
008 - FIXED-LENGTH DATA ELEMENTS--GENERAL INFORMATION
fixed length control field 220923b |||||||| |||| 00| 0 eng d
037 ## - SOURCE OF ACQUISITION
Terms of availability General Book
040 ## - CATALOGING SOURCE
Original cataloging agency RTL
Transcribing agency RTL
Language of cataloging eng
041 ## - LANGUAGE CODE
Source of code eng
Language code of text/sound track or separate title eng
245 #0 - TITLE STATEMENT
Title Class struggles in the USSR
Remainder of title First period 1917-19
260 ## - PUBLICATION, DISTRIBUTION, ETC.
Place of publication, distribution, etc. Sussen
Name of publisher, distributor, etc. Harvester Press
Date of publication, distribution, etc. 1976
300 ## - PHYSICAL DESCRIPTION
Extent 267p
Dimensions cm.
500 ## - GENERAL NOTE
General note Bibliography: P 531-537
942 ## - ADDED ENTRY ELEMENTS (KOHA)
Classification part X:3M24xM18:g(Y5).58.N23<--N17, L6
Koha item type General Books
Source of classification or shelving scheme Colon Classification (CC)

No items available.

Copyright @ Delhi University Library System